Rapatonpocipitopo y estaba la paloma blanca /
Guardado en:
| Autor Principal: | |
|---|---|
| Otros Autores: | , , |
| Formato: | Libro |
| Publicado: |
Buenos Aires :
Colihue,
2013
|
| Series: | Los morochitos
|
| Materias: | |
| Etiquetas: |
Agregar Etiqueta
Sin Etiquetas, Sea el primero en etiquetar este registro!
|
| LEADER | 01040nam a22002775a 4500 | ||
|---|---|---|---|
| 001 | CEM.cems015027 | ||
| 005 | 20190906171251.0 | ||
| 008 | 130507s2013##################000#0#####d | ||
| 003 | CEMS | ||
| 020 | |a 9789876849043 | ||
| 082 | 0 | 4 | |a A861.4 |
| 100 | 1 | |a Tallon, José Sebastián | |
| 245 | 1 | 0 | |a Rapatonpocipitopo y estaba la paloma blanca / |c José Sebastián Tallon y Pedro Orgambide ; ilustrado Por Gustavo Roldán (h) y Myriam Holgado |
| 260 | |a Buenos Aires : |b Colihue, |c 2013 | ||
| 300 | |a 24 p. | ||
| 490 | 0 | |a Los morochitos | |
| 505 | 0 | |a Rapatoncpocipitopo / Jose Sebastián Tallon -- Estaba la paloma blanca / Pedro Orgambide | |
| 653 | |a Literatura | ||
| 653 | |a Literatura infantil | ||
| 653 | |a Poseía infantil | ||
| 653 | |a Colección ciencias de la educación | ||
| 700 | 1 | |a Orgambide, Pedro | |
| 700 | 1 | |a Roldán, Gustavo (h); il. | |
| 700 | 1 | |a Holgado, Myriam; il. | |
| 859 | |a CEMS |b BIB. CEMS - Ccias. Educacion |h A861.4 |i T149 |k CE |p 27936.19 |t Ej.1 | ||
| 859 | |a CEMS |b BIB. CEMS - Ccias. Educacion |h A861.4 |i T149 |k CE |p 27962.19 |t Ej.2 | ||
